Welcome to CU Library Online Public Access Catalogue (OPAC)

Icanchu's drum : (Record no. 9505)

MARC details
000 -LEADER
fixed length control field 00680cam a2200205 a 4500
001 - CONTROL NUMBER
control field 1950153
005 - DATE AND TIME OF LATEST TRANSACTION
control field 20260422144619.0
008 - FIXED-LENGTH DATA ELEMENTS--GENERAL INFORMATION
fixed length control field 870728s1988 nyub b 001 0 eng
020 ## - INTERNATIONAL STANDARD BOOK NUMBER
International Standard Book Number 0029321603
020 ## - INTERNATIONAL STANDARD BOOK NUMBER
International Standard Book Number 9780029321607
050 00 - LIBRARY OF CONGRESS CALL NUMBER
Classification number F2230.1.R3
Item number S85 1988
082 00 - DEWEY DECIMAL CLASSIFICATION NUMBER
Classification number 299/.8
Edition information 19
100 1# - MAIN ENTRY--PERSONAL NAME
Personal name Sullivan, Lawrence Eugene,
Dates associated with a name 1949-
245 10 - TITLE STATEMENT
Title Icanchu's drum :
Remainder of title an orientation to meaning in South American religions /
Statement of responsibility, etc. Lawrence E. Sullivan.
260 ## - PUBLICATION, DISTRIBUTION, ETC.
Place of publication, distribution, etc. New York :
Name of publisher, distributor, etc. Macmillan ;
Place of publication, distribution, etc. London :
Name of publisher, distributor, etc. Collier Macmillan,
Date of publication, distribution, etc. c1988.
300 ## - PHYSICAL DESCRIPTION
Extent xi, 1003 p. :
Other physical details col. map ;
Dimensions 24 cm.
500 ## - GENERAL NOTE
General note Includes indexes.
650 #0 - SUBJECT ADDED ENTRY--TOPICAL TERM
Topical term or geographic name entry element Indians of South America
General subdivision Religion.
942 ## - ADDED ENTRY ELEMENTS (KOHA)
Source of classification or shelving scheme Library of Congress Classification
Koha item type Books
Suppress in OPAC No
999 ## -
-- 9505
-- 9505
Holdings
Withdrawn status Lost status Source of classification or shelving scheme Damaged status Not for loan Collection Home library Current library Shelving location Date acquired Total checkouts Full call number Barcode Date last seen Price effective from Koha item type
    Library of Congress Classification     Non-fiction Main Library (Kumasi) Main Library (Kumasi) General stacks 04/22/2026   F2230.1.R3S85 SUL bssk00000164 04/22/2026 04/22/2026 Books
© 2023-2024 Copyright: Central University Libraries. All Rights Reserved | Created by: Mahone Tech Office